000 00687nam a2200241Ia 4500
003 OSt
005 20220918222037.0
006 a|||||r|||| 00| 0
007 ta
008 220917b |||||||| |||| 00| 0 eng d
024 _a215,525
037 _cTextual
040 _aARTS
_cARTS
_beng
041 _2eng
_aeng
082 _aY5927:(W).2, M5
100 _aGupta S.K.
_92850
245 0 _aScheduled castes in modern Indian politics
_b Their emergence as a political power
260 _aNew Delh
_bMunshiram Manohar pub.
_c1985
300 _axi, 355 p
_ccm.
650 _aSOCIOLOGY
942 _hY5927:(W).2, M5
_cTEXL
_2CC
999 _c274410
_d274410